NHL Goalies by Picture - Statistics

General Stats
  • This quiz has been taken 196 times
  • The average score is 12 of 16
Answer Stats
Picture Answer % Correct
Martin Brodeur
97%
Patrick Roy
97%
Henrik Lundqvist
95%
Carey Price
94%
Jonathan Quick
94%
Roberto Luongo
85%
Corey Crawford
82%
Braden Holtby
81%
Dominik Hasek
79%
Jacques Plante
72%
Tony Esposito
63%
Terry Sawchuk
61%
Chris Osgood
60%
Miikka Kiprusoff
54%
Georges Vezina
44%
Johnny Bower
43%
No matching quizzes found
Score Distribution
Percent of People with Each Score
Percentile by Number Answered
Your Score History
You have not taken this quiz